000 00625nam a2200169 a 4500
001 000005361
005 20200929151643.0
008 090819s1979 sp a 001 0 spa d
020 _a8400045645
040 _aDO-SdBNP
_bspa
_cBNPHU
082 _axxxx
_bH557i
245 0 3 _aLa investigación científica y el problema agrario :
_bjornadas internacionales de organización científica /
_cedición Valetin Hernando Fernández.
260 _aMadrid, España :
_bAsociación de personal investigador del CSIC.,
_c1979.
300 _a400 p. :
_bil. ;
_c27 cm.
700 1 _aHernando Fernández, Valentin,
_eed.
_915208
049 _aBNPD
999 _c5161
_d5161